000 00721nam a22002057a 4500
005 20240530110601.0
008 160919s2014 ua f 000 e ara d
017 _a2014/15613
_bمصر . دار الكتب المصرية
020 _a9774489556
040 _aEG-CaGPL
082 0 4 _221
_a814\
_bم ص
100 0 _aمحمد عيسى الشرقاوى
245 1 0 _aصرخة وطن /
_cتاليف محمد عيسى الشرقاوى
260 _aالقاهرة :
_bالهيئة المصرية العامة للكتاب ،
_c2014.
300 _a356 ص. ؛
_c19 سم .
650 0 4 _aالادب العربى
650 0 4 _aالمقالات العربية
650 0 4 _aالمقالات السياسية
942 _2ddc
_cBK
999 _c62675
_d62675